00438 2200169 4500001002100000005001500021035002000036245005000056100001700106250001700123300003200140260003100172082001000203084001600213020002200229650001700251INLIS00000000000040520240618093703 a0010-06240001141 aPembuatan Kompos Secara Kilat /cOcten Suhadi0 aOcten Suhadi acetakan ke-1 aiv, 28 hlm :bilus ;c21 cm aJakarta :bJP Books,c2007 a631.8 a631.8 OCT p a978-979-348-790-8 4aPupuk Kompos